000 00749cam a2200217 4500
001 WB3543-40
008 000000n1999 000 0 eng u
035 _a(Sirsi) u101330
245 _aRegional transport vision
260 _c1999
490 _aNew Civil Engineer
_v28 October 1999, 3(1)
520 _aThe eight Regional Development Agencies (RDAs) have set out their Regional Transport Strategies as part of their 10-year economic strategies. Discusses some of the priority projects.
590 _aWB
650 _aREGIONAL DEVELOPMENT AGENCIES
650 _aRDAS
650 _aREGIONAL TRANSPORT STRATEGIES
650 _aTRANSPORT PROJECTS
650 _aREGIONAL DEVELOPMENT
690 _aTRANSPORT AND COMMUNICATIONS
942 _n0
999 _c60478
_d60478